000 00464nam a22001697a 4500
005 20251108172624.0
008 250721s9999 xx 000 0 eng d
082 1 4 _a543.0896SUP
100 1 _aMaheshwari, R.C
245 1 0 _aSupercritical Fluid Extraction Technology for Natural Products /
264 1 _aNew Delhi :
_bOmega Scientific,
300 _a158p.
650 1 7 _aSupercritical Fluid
650 1 7 _aNatural Products
942 _2ddc
_cBK
999 _c84269
_d84269